[Event "SVK-ch Amateurs"]
[Site "Liptovsky Jan"]
[Date "2023.06.18"]
[Round "8"]
[White "Giertli, Vladimir"]
[Black "Passer, Lukas"]
[Result "0-1"]
[WhiteElo "1956"]
[BlackElo "1780"]
[PlyCount "80"]
[EventDate "2023.06.15"]
[EventType "swiss"]
[EventRounds "8"]
[EventCountry "SVK"]
[SourceTitle "CBM 214 Extra"]
[Source "ChessBase"]
[SourceDate "2023.07.31"]
[SourceVersion "1"]
[SourceVersionDate "2023.07.31"]
[SourceQuality "1"]

1. e4 e6 2. d3 d5 3. Nd2 b6 4. Ngf3 Nf6 5. c3 Be7 6. e5 Nfd7 7. g3 Ba6 8. Qc2 c5 9. Bg2 Nc6 10. 0-0 0-0 11. Re1 Qc7 12. d4 cxd4 13. cxd4 Rac8 14. Qa4 Nb4 15. Bf1 b5 16. Bxb5 Bxb5 17. Qxb5 Nc2 18. Rb1 Nxe1 19. Nxe1 Rb8 20. Qd3 Rfc8 21. h4 f6 22. exf6 Bxf6 23. Ndf3 Qc4 24. b3 Qxd3 25. Nxd3 Rc3 26. Nde1 Rc6 27. g4 a5 28. Bf4 Rb7 29. Rd1 a4 30. g5 Be7 31. Rd3 axb3 32. axb3 g6 33. Kg2 Kf7 34. Nd2 Rcb6 35. Nef3 Bd6 36. Kg3 Bf8 37. Kg4 Bg7 38. Rc3 Rb4 39. Rd3 e5 40. dxe5 Bxe5 0-1

[Event "SVK-ch Amateurs"]
[Site "Liptovsky Jan"]
[Date "2023.06.15"]
[Round "1"]
[White "Prochazka, Michal"]
[Black "Giertli, Vladimir"]
[Result "0-1"]
[WhiteElo "1351"]
[BlackElo "1956"]
[PlyCount "48"]
[EventDate "2023.06.15"]
[EventType "swiss"]
[EventRounds "8"]
[EventCountry "SVK"]
[SourceTitle "CBM 214 Extra"]
[Source "ChessBase"]
[SourceDate "2023.07.31"]
[SourceVersion "1"]
[SourceVersionDate "2023.07.31"]
[SourceQuality "1"]

1. e4 d6 2. d4 Nf6 3. Nc3 c6 4. Nf3 Nbd7 5. Bg5 e5 6. dxe5 dxe5 7. Bc4 Be7 8. 0-0 Qc7 9. Qe2 0-0 10. Rad1 b5 11. Bb3 Nc5 12. h3 a5 13. a3 b4 14. Na4 Nxb3 15. cxb3 Ba6 16. Qe3 Bxf1 17. Kxf1 Rfd8 18. Rc1 bxa3 19. bxa3 Bxa3 20. Rc2 Rab8 21. Nc5 Qd6 22. Bxf6 Qxf6 23. Nd3 Rxb3 24. Nfxe5 c5 0-1

[Event "SVK-chT2C 2223"]
[Site "Slovakia"]
[Date "2023.03.26"]
[Round "11.3"]
[White "Giertli, Vladimir"]
[Black "Polko, Juraj"]
[Result "1/2-1/2"]
[WhiteElo "1950"]
[BlackElo "2013"]
[PlyCount "32"]
[EventDate "2022.10.08"]
[EventType "team-tourn"]
[EventRounds "11"]
[EventCountry "SVK"]
[SourceTitle "EXT 2024"]
[Source "ChessBase"]
[SourceDate "2023.10.10"]
[SourceVersion "1"]
[SourceVersionDate "2023.10.10"]
[SourceQuality "1"]
[WhiteTeam "Banska Bystrica Kurta"]
[BlackTeam "Martin Medea"]
[WhiteTeamCountry "SVK"]
[BlackTeamCountry "SVK"]

1. e4 c5 2. Nf3 a6 3. g3 Nc6 4. Bg2 Nf6 5. Nc3 d6 6. 0-0 e5 7. d3 Be7 8. Nh4 Nd4 9. f4 exf4 10. Bxf4 Bg4 11. Qd2 0-0 12. Rae1 Nh5 13. h3 Nxf4 14. Qxf4 Be6 15. Qf2 Bxh4 16. gxh4 Qd7 1/2-1/2

[Event "SVK-chT2C 2122"]
[Site "Slovakia"]
[Date "2022.04.30"]
[Round "10.3"]
[White "Giertli, Vladimir"]
[Black "Medvec, Miroslav1111"]
[Result "0-1"]
[WhiteElo "1988"]
[BlackElo "2000"]
[PlyCount "53"]
[EventDate "2021.10.16"]
[EventType "team-tourn"]
[EventRounds "11"]
[EventCountry "SVK"]
[SourceTitle "EXT 2023"]
[Source "ChessBase"]
[SourceDate "2022.10.05"]
[SourceVersion "1"]
[SourceVersionDate "2022.10.05"]
[SourceQuality "1"]
[WhiteTeam "Banska Bystrica Kurta"]
[BlackTeam "Liptov Chess School III"]
[WhiteTeamCountry "SVK"]
[BlackTeamCountry "SVK"]

1. b3 e5 2. Bb2 Nc6 3. e3 d6 4. Nf3 Bg4 5. h3 Bh5 6. g4 Bg6 7. h4 h5 8. g5 Nge7 9. d4 exd4 10. exd4 d5 11. Bh3 Nf5 12. Nbd2 Be7 13. 0-0 0-0 14. Re1 f6 15. Kh1 fxg5 16. hxg5 Nb4 17. Ne5 Qe8 18. Nxg6 Qxg6 19. Nf3 Bd6 20. Kg1 Bf4 21. Bc1 Nd6 22. Bxf4 Rxf4 23. Re5 Qxc2 24. Be6+ Kh7 25. Qxc2+ Nxc2 26. Rc1 Nb4 27. Rc3 0-1

[Event "SVK-chT2C 2122"]
[Site "Slovakia"]
[Date "2022.03.27"]
[Round "9.4"]
[White "Sankova, Stella"]
[Black "Giertli, Vladimir"]
[Result "1-0"]
[WhiteElo "2066"]
[BlackElo "1993"]
[PlyCount "29"]
[EventDate "2021.10.16"]
[EventType "team-tourn"]
[EventRounds "11"]
[EventCountry "SVK"]
[SourceTitle "EXT 2023"]
[Source "ChessBase"]
[SourceDate "2022.10.05"]
[SourceVersion "1"]
[SourceVersionDate "2022.10.05"]
[SourceQuality "1"]
[WhiteTeam "Zilina Mladost II"]
[BlackTeam "Banska Bystrica Kurta"]
[WhiteTeamCountry "SVK"]
[BlackTeamCountry "SVK"]

1. e4 d6 2. d4 Nf6 3. Nc3 Nbd7 4. g4 e5 5. g5 exd4 6. Qxd4 Ng4 7. f4 d5 8. h3 Bc5 9. Qxg7 Bf2+ 10. Ke2 Ke7 11. Nxd5+ Kd6 12. hxg4 Rg8 13. Qxf7 Bxg1 14. Rh6+ Kc5 15. b4+ 1-0

[Event "SVK-chT2C 2122"]
[Site "Slovakia"]
[Date "2022.03.26"]
[Round "8.4"]
[White "Giertli, Vladimir"]
[Black "Adamko, Peter"]
[Result "1/2-1/2"]
[WhiteElo "1993"]
[BlackElo "2068"]
[PlyCount "56"]
[EventDate "2021.10.16"]
[EventType "team-tourn"]
[EventRounds "11"]
[EventCountry "SVK"]
[SourceTitle "EXT 2023"]
[Source "ChessBase"]
[SourceDate "2022.10.05"]
[SourceVersion "1"]
[SourceVersionDate "2022.10.05"]
[SourceQuality "1"]
[WhiteTeam "Banska Bystrica Kurta"]
[BlackTeam "Zilina Mladost III"]
[WhiteTeamCountry "SVK"]
[BlackTeamCountry "SVK"]

1. e4 e6 2. d3 d5 3. Nd2 c5 4. Ngf3 Nc6 5. g3 Bd6 6. Bg2 Nge7 7. 0-0 0-0 8. Re1 f5 9. e5 Bc7 10. c3 b5 11. d4 c4 12. Nf1 Bd7 13. Bf4 b4 14. Qd2 a5 15. h4 bxc3 16. bxc3 Rb8 17. h5 Rb7 18. h6 g6 19. Bg5 Qb8 20. Bf6 Bd8 21. Bg7 Re8 22. N1h2 Na7 23. g4 Rb2 24. Qe3 Nb5 25. Ng5 Na3 26. Re2 Nb1 27. Re1 Na3 28. Re2 Nb1 1/2-1/2

[Event "SVK-chT1E 2122"]
[Site "Slovakia"]
[Date "2022.03.20"]
[Round "7.8"]
[White "Mobarsham, Said"]
[Black "Giertli, Vladimir"]
[Result "0-1"]
[WhiteElo "1000"]
[BlackElo "1993"]
[PlyCount "48"]
[EventDate "2022.01.29"]
[EventType "team-tourn"]
[EventRounds "11"]
[EventCountry "SVK"]
[SourceTitle "EXT 2023"]
[Source "ChessBase"]
[SourceDate "2022.10.05"]
[SourceVersion "1"]
[SourceVersionDate "2022.10.05"]
[SourceQuality "1"]
[WhiteTeam "Kosice Slavia TU"]
[BlackTeam "Banska Bystrica Junior"]
[WhiteTeamCountry "SVK"]
[BlackTeamCountry "SVK"]

1. e4 d6 2. d4 Nf6 3. Nc3 Nbd7 4. Be3 c6 5. f3 e5 6. Qd2 Qc7 7. 0-0-0 Be7 8. h4 Nb6 9. g4 Be6 10. d5 Bd7 11. Nh3 cxd5 12. Bxb6 Qxb6 13. g5 d4 14. Nb1 Nh5 15. Rg1 g6 16. Na3 Rc8 17. f4 0-0 18. fxe5 dxe5 19. Nf2 Bxa3 20. bxa3 Be6 21. Nd3 a5 22. Nxe5 Qc5 23. Qh2 Qxa3+ 24. Kd2 Qe3# 0-1

[Event "SVK-chT2C 2122"]
[Site "Slovakia"]
[Date "2021.10.17"]
[Round "2.3"]
[White "Miciak, Maros"]
[Black "Giertli, Vladimir"]
[Result "1-0"]
[WhiteElo "2084"]
[BlackElo "1966"]
[PlyCount "50"]
[EventDate "2021.10.16"]
[EventType "team-tourn"]
[EventRounds "11"]
[EventCountry "SVK"]
[SourceTitle "EXT 2023"]
[Source "ChessBase"]
[SourceDate "2022.10.05"]
[SourceVersion "1"]
[SourceVersionDate "2022.10.05"]
[SourceQuality "1"]
[WhiteTeam "Kysucke Nove Mesto"]
[BlackTeam "Banska Bystrica Kurta"]
[WhiteTeamCountry "SVK"]
[BlackTeamCountry "SVK"]

1. e4 d6 2. d4 Nf6 3. Bc4 c6 4. f3 Nbd7 5. c3 e5 6. Qb3 Qe7 7. Be3 d5 8. exd5 Nb6 9. d6 Qxd6 10. Bxf7+ Ke7 11. Ne2 Nfd5 12. Bxd5 Nxd5 13. Bg5+ Ke8 14. 0-0 Qg6 15. Bd2 a5 16. a4 Bd6 17. Re1 Kd8 18. c4 Nb4 19. dxe5 Bxe5 20. Nf4 Qf6 21. Nh5 Qd6 22. Bg5+ Kd7 23. c5 Qxc5+ 24. Kh1 Kc7 25. Rxe5 Qxe5 1-0

[Event "Tatranska Lomnica Tatry op"]
[Site "Tatranska Lomnica"]
[Date "2021.10.05"]
[Round "5"]
[White "Giertli, Vladimir"]
[Black "Petran, Peter"]
[Result "1/2-1/2"]
[WhiteElo "1938"]
[BlackElo "2231"]
[PlyCount "76"]
[EventDate "2021.10.02"]
[EventType "swiss"]
[EventRounds "9"]
[EventCountry "SVK"]
[SourceTitle "EXT 2023"]
[Source "ChessBase"]
[SourceDate "2022.10.05"]
[SourceVersion "1"]
[SourceVersionDate "2022.10.05"]
[SourceQuality "1"]

1. e4 c6 2. d3 d5 3. Nd2 g6 4. g3 Bg7 5. Bg2 e5 6. Ngf3 Ne7 7. 0-0 0-0 8. Re1 d4 9. a4 f6 10. b4 Be6 11. Nb3 Nd7 12. Bd2 b6 13. Qc1 c5 14. b5 Rc8 15. Bh6 c4 16. dxc4 Rxc4 17. Bxg7 Kxg7 18. Nfd2 Rc3 19. Bf1 Qc7 20. Bd3 Rc8 21. Qd1 Qd6 22. Qe2 R3c7 23. a5 Nc5 24. axb6 axb6 25. Nxc5 Qxc5 26. Ra6 Rf8 27. Rea1 Nc8 28. Ra8 Nd6 29. Rxf8 Kxf8 30. f4 Kg7 31. f5 gxf5 32. exf5 Bxf5 33. Nb3 Qc3 34. Bxf5 Nxf5 35. Qg4+ Kf7 36. Qxf5 Qxc2 37. Qh5+ Qg6 38. Qf3 Kg7 1/2-1/2

[Event "SVK-ch Amateurs"]
[Site "Topolcany"]
[Date "2021.08.09"]
[Round "7"]
[White "Strapec, Lukas"]
[Black "Giertli, Vladimir"]
[Result "1/2-1/2"]
[WhiteElo "1708"]
[BlackElo "1964"]
[PlyCount "116"]
[EventDate "2021.08.06"]
[EventType "swiss"]
[EventRounds "7"]
[EventCountry "SVK"]
[SourceTitle "EXT 2022"]
[Source "ChessBase"]
[SourceDate "2021.10.06"]
[SourceVersion "1"]
[SourceVersionDate "2021.10.06"]
[SourceQuality "1"]

1. d4 Nf6 2. c4 c5 3. d5 b5 4. cxb5 a6 5. bxa6 Bxa6 6. Nc3 g6 7. e4 d6 8. Nf3 Bxf1 9. Kxf1 Nbd7 10. g3 Bg7 11. a4 0-0 12. Qc2 Ne8 13. b3 Nc7 14. Ra3 f5 15. Bb2 fxe4 16. Qxe4 Nf6 17. Qc4 Kh8 18. Ng5 Rb8 19. Ne6 Nxe6 20. dxe6 Rb4 21. Qe2 Qa8 22. Kg1 Ng4 23. Nd1 Ne5 24. Bxe5 Bxe5 25. h3 Qd5 26. Ne3 Qxe6 27. Nc4 Rfb8 28. Nxe5 dxe5 29. Qc2 Rxb3 30. Rxb3 Rxb3 31. Qxc5 Qd6 32. Qxd6 exd6 33. Kg2 Ra3 34. Rd1 Rxa4 35. Rxd6 Kg7 36. Rd7+ Kf6 37. Rxh7 Ra3 38. Rb7 Rc3 39. Rb6+ Kf5 40. Rb5 Kf6 41. Rb4 Kf5 42. g4+ Kg5 43. Re4 Kf6 44. f3 g5 45. Kg3 Ra3 46. Rb4 Ra6 47. h4 gxh4+ 48. Kxh4 Rc6 49. Rb8 Re6 50. g5+ Kg6 51. Kg4 Ra6 52. Rb4 Rd6 53. Re4 Rd5 54. Ra4 Rd6 55. Rb4 Ra6 56. Re4 Ra5 57. Rb4 Ra6 58. f4 exf4 1/2-1/2

[Event "Liptovsky Jan Slovak op U2200"]
[Site "Liptovsky Jan"]
[Date "2021.06.20"]
[Round "6"]
[White "Giertli, Vladimir"]
[Black "Szaszak, Robert"]
[Result "1/2-1/2"]
[WhiteElo "2028"]
[BlackElo "1644"]
[PlyCount "102"]
[EventDate "2021.06.17"]
[EventType "swiss"]
[EventRounds "7"]
[EventCountry "SVK"]
[SourceTitle "CBM 203 Extra"]
[Source "ChessBase"]
[SourceDate "2021.09.30"]
[SourceVersion "1"]
[SourceVersionDate "2021.09.30"]
[SourceQuality "1"]

1. e4 e5 2. Nf3 Nc6 3. Bb5 Bc5 4. c3 d6 5. d3 h6 6. Nbd2 Bd7 7. a4 a6 8. Bc4 Nf6 9. 0-0 Qc8 10. b4 Ba7 11. Bb2 Be6 12. Qb3 Bxc4 13. Nxc4 0-0 14. b5 axb5 15. axb5 Ne7 16. b6 Bxb6 17. Nxb6 cxb6 18. Qxb6 Qc6 19. Qb3 Ng6 20. Rxa8 Rxa8 21. Bc1 Nd7 22. Be3 b6 23. Rb1 Rc8 24. c4 Nc5 25. Qd1 Ne7 26. g4 Na4 27. Qd2 f5 28. gxf5 Nxf5 29. Ne1 Nxe3 30. Qxe3 Nc5 31. Ng2 Rb8 32. f4 b5 33. fxe5 dxe5 34. Qg3 Nd7 35. Ne3 bxc4 36. Rxb8+ Nxb8 37. Qxe5 Nd7 38. Qe8+ Kh7 39. Nxc4 Qc5+ 40. Kf1 Qd4 41. Ke2 Nc5 42. Ne5 Qb2+ 43. Ke3 Qc1+ 44. Kd4 Nb3+ 45. Kd5 Qc5+ 46. Ke6 Qb6+ 47. Nc6 Nd4+ 48. Kf7 Qb3+ 49. Kf8 Qa3+ 50. Ne7 Ne6+ 51. Kf7 Ng5+ 1/2-1/2

[Event "Liptovsky Jan Slovak op U2200"]
[Site "Liptovsky Jan"]
[Date "2021.06.19"]
[Round "5"]
[White "Furman, Maximilian Jan"]
[Black "Giertli, Vladimir"]
[Result "1-0"]
[WhiteElo "1693"]
[BlackElo "2028"]
[PlyCount "90"]
[EventDate "2021.06.17"]
[EventType "swiss"]
[EventRounds "7"]
[EventCountry "SVK"]
[SourceTitle "CBM 203 Extra"]
[Source "ChessBase"]
[SourceDate "2021.09.30"]
[SourceVersion "1"]
[SourceVersionDate "2021.09.30"]
[SourceQuality "1"]

1. e4 d6 2. d4 Nf6 3. Nc3 g6 4. Be3 c6 5. h3 Nbd7 6. f4 Qa5 7. Bd3 e5 8. Nf3 exd4 9. Bxd4 Bg7 10. 0-0 0-0 11. Qe1 Re8 12. Qh4 b5 13. e5 Nh5 14. exd6 Bxd4+ 15. Nxd4 Qb6 16. Qf2 Nc5 17. Rad1 Ng7 18. Kh1 Bd7 19. a3 Nxd3 20. Rxd3 Rad8 21. Qf3 c5 22. Nde2 Bc6 23. Nd5 Bxd5 24. Rxd5 Rxd6 25. Rfd1 Rde6 26. Nc3 a6 27. Qf2 Rc8 28. Re5 Qc6 29. Nd5 Rce8 30. Rxe6 Rxe6 31. Qf3 Qc8 32. Qc3 Qc6 33. Qf3 Qc8 34. Qc3 Ne8 35. Re1 Qd8 36. Rxe6 fxe6 37. Ne3 Qd6 38. Qe5 Kf7 39. Ng4 h5 40. Nh6+ Ke7 41. Qg5+ Kd7 42. Nf7 Qd1+ 43. Kh2 Kc6 44. Qe7 Nc7 45. Ne5+ Kb6 1-0

[Event "SVK-ch Amateur"]
[Site "Topolcany"]
[Date "2020.07.13"]
[Round "6"]
[White "Giertli, Vladimir"]
[Black "Bochnickova, Simona"]
[Result "1-0"]
[WhiteElo "2023"]
[BlackElo "1797"]
[PlyCount "41"]
[EventDate "2020.07.10"]
[EventType "swiss"]
[EventRounds "7"]
[EventCountry "SVK"]
[SourceTitle "EXT 2021"]
[Source "ChessBase"]
[SourceDate "2020.10.23"]
[SourceVersion "1"]
[SourceVersionDate "2020.10.23"]
[SourceQuality "1"]

1. Nf3 d5 2. c4 c6 3. b3 Nf6 4. Bb2 Bf5 5. g3 e6 6. Bg2 h6 7. 0-0 Be7 8. d4 0-0 9. Re1 Nbd7 10. Nc3 Bh7 11. Nd2 a5 12. e4 dxe4 13. Ndxe4 Nxe4 14. Nxe4 a4 15. Bc3 axb3 16. axb3 Qb6 17. Qc2 c5 18. Qb2 Rxa1 19. Rxa1 f6 20. Ba5 Qa7 21. Bc7 1-0

[Event "SVK-ch Amateur"]
[Site "Topolcany"]
[Date "2020.07.12"]
[Round "4"]
[White "Giertli, Vladimir"]
[Black "Rakovsky, Jakub"]
[Result "1-0"]
[WhiteElo "2023"]
[BlackElo "1644"]
[PlyCount "47"]
[EventDate "2020.07.10"]
[EventType "swiss"]
[EventRounds "7"]
[EventCountry "SVK"]
[SourceTitle "EXT 2021"]
[Source "ChessBase"]
[SourceDate "2020.10.23"]
[SourceVersion "1"]
[SourceVersionDate "2020.10.23"]
[SourceQuality "1"]

1. Nf3 d5 2. g3 Nf6 3. Bg2 Bf5 4. c4 c6 5. b3 Nbd7 6. Bb2 e6 7. 0-0 Bb4 8. a3 Bd6 9. d4 0-0 10. Nbd2 Re8 11. Nh4 Bg4 12. c5 Bb8 13. f4 b6 14. b4 Bh5 15. Nhf3 Ng4 16. Qb3 f5 17. Rfc1 bxc5 18. dxc5 e5 19. e3 exf4 20. exf4 a5 21. b5 Ba7 22. b6 Rb8 23. Qc3 Ndf6 24. bxa7 1-0

[Event "SVK-ch rapid"]
[Site "Topolcany"]
[Date "2020.07.11"]
[Round "6"]
[White "Giertli, Vladimir"]
[Black "Paluska, Karol"]
[Result "1-0"]
[WhiteElo "1997"]
[BlackElo "1589"]
[PlyCount "59"]
[EventDate "2020.07.11"]
[EventType "swiss (rapid)"]
[EventRounds "9"]
[EventCountry "SVK"]
[SourceTitle "CBM 197 Extra"]
[Source "ChessBase"]
[SourceDate "2020.09.30"]
[SourceVersion "1"]
[SourceVersionDate "2020.09.30"]
[SourceQuality "1"]

1. Nf3 Nf6 2. g3 g6 3. b3 Bg7 4. Bb2 0-0 5. d3 d5 6. Nbd2 c5 7. c4 d4 8. b4 b6 9. bxc5 bxc5 10. Bg2 Bb7 11. Ba3 Qc7 12. Rb1 Nbd7 13. 0-0 Rfb8 14. Nb3 e5 15. Qd2 e4 16. Ng5 exd3 17. exd3 Bxg2 18. Kxg2 Bh6 19. h4 Ng4 20. Qe2 Qc6+ 21. Kh3 Qc8 22. Qxg4 f5 23. Qe2 Bxg5 24. Qe6+ Kh8 25. hxg5 Rb6 26. Qe7 Nf8 27. Bxc5 f4+ 28. g4 Re6 29. Qf7 Qc6 30. Bxd4+ 1-0

[Event "SVK-ch rapid"]
[Site "Topolcany"]
[Date "2020.07.11"]
[Round "5"]
[White "Kantorik, Marian"]
[Black "Giertli, Vladimir"]
[Result "1/2-1/2"]
[WhiteElo "2165"]
[BlackElo "1997"]
[PlyCount "78"]
[EventDate "2020.07.11"]
[EventType "swiss (rapid)"]
[EventRounds "9"]
[EventCountry "SVK"]
[SourceTitle "CBM 197 Extra"]
[Source "ChessBase"]
[SourceDate "2020.09.30"]
[SourceVersion "1"]
[SourceVersionDate "2020.09.30"]
[SourceQuality "1"]

1. d4 Nf6 2. c4 c5 3. d5 b5 4. cxb5 a6 5. bxa6 Bxa6 6. Nc3 g6 7. g3 Bg7 8. Bg2 d6 9. Nf3 0-0 10. 0-0 Nbd7 11. Qc2 Nb6 12. Rd1 Qc8 13. Rb1 Bc4 14. e4 Bxa2 15. Ra1 Bc4 16. Rxa8 Qxa8 17. b3 Ba6 18. Bb2 Qb7 19. Ra1 Ra8 20. Nd2 Nfd7 21. f4 g5 22. h3 gxf4 23. gxf4 Bd4+ 24. Kh1 Qc8 25. Nd1 Be2 26. Rb1 Qa6 27. Ra1 Qb7 28. Rxa8+ Qxa8 29. Bxd4 cxd4 30. Nf2 Nc5 31. Kh2 Qa5 32. e5 d3 33. Qb2 Nbd7 34. Nde4 Qe1 35. Qd4 Nxe4 36. Nxe4 Nc5 37. Nxc5 dxc5 38. Qxc5 d2 39. Qxe7 d1Q 1/2-1/2

[Event "SVK-chT2C 1920"]
[Site "Slovakia"]
[Date "2020.02.16"]
[Round "9.2"]
[White "Giertli, Vladimir"]
[Black "Vacek, Ondrej"]
[Result "1/2-1/2"]
[WhiteElo "2023"]
[BlackElo "2136"]
[PlyCount "36"]
[EventDate "2019.10.26"]
[EventType "team-tourn"]
[EventRounds "11"]
[EventCountry "SVK"]
[SourceTitle "CBM 195 Extra"]
[Source "ChessBase"]
[SourceDate "2020.05.31"]
[SourceVersion "1"]
[SourceVersionDate "2020.05.31"]
[SourceQuality "1"]
[WhiteTeam "Banska Bystrica Veza"]
[BlackTeam "Zvolen Slavia"]
[WhiteTeamCountry "SVK"]
[BlackTeamCountry "SVK"]

1. Nf3 d5 2. g3 Nf6 3. Bg2 c6 4. c4 Bf5 5. b3 e6 6. d3 h6 7. 0-0 Be7 8. Bb2 0-0 9. Qc2 Bh7 10. Nbd2 Nbd7 11. Rfe1 a5 12. a4 Qb6 13. Bd4 Bc5 14. Bxc5 Nxc5 15. Qc3 Rfd8 16. Rad1 Rac8 17. Bf1 Bg6 18. Rc1 Na6 1/2-1/2

[Event "SVK-chT2C 1920"]
[Site "Slovakia"]
[Date "2019.10.26"]
[Round "1.2"]
[White "Singliar, Anton"]
[Black "Giertli, Vladimir"]
[Result "1/2-1/2"]
[WhiteElo "2036"]
[BlackElo "2012"]
[PlyCount "25"]
[EventDate "2019.10.26"]
[EventType "team-tourn"]
[EventRounds "11"]
[EventCountry "SVK"]
[SourceTitle "CBM 193 Extra"]
[Source "ChessBase"]
[SourceDate "2020.01.31"]
[SourceVersion "1"]
[SourceVersionDate "2020.01.31"]
[SourceQuality "1"]
[WhiteTeam "Bziny"]
[BlackTeam "Banska Bystrica Veza"]
[WhiteTeamCountry "SVK"]
[BlackTeamCountry "SVK"]

1. e4 d6 2. d4 Nf6 3. Nc3 g6 4. Bc4 Bg7 5. Qe2 e5 6. dxe5 dxe5 7. Nf3 Qe7 8. Bg5 c6 9. 0-0 0-0 10. a4 a5 11. Rfd1 Re8 12. h3 Nbd7 13. Be3 1/2-1/2

[Event "SVK-chT2C 1718"]
[Site "Slovakia"]
[Date "2018.02.04"]
[Round "7.4"]
[White "Valuska, Jan"]
[Black "Giertli, Vladimir"]
[Result "0-1"]
[WhiteElo "2037"]
[BlackElo "2025"]
[PlyCount "120"]
[EventDate "2017.10.28"]
[EventType "team-tourn"]
[EventRounds "11"]
[EventCountry "SVK"]
[SourceTitle "EXT 2019"]
[Source "ChessBase"]
[SourceDate "2018.10.10"]
[SourceVersion "1"]
[SourceVersionDate "2018.10.10"]
[SourceQuality "1"]
[WhiteTeam "Zvolen Slavia"]
[BlackTeam "Banska Bystrica Veza"]
[WhiteTeamCountry "SVK"]
[BlackTeamCountry "SVK"]

1. e4 d6 2. d4 Nf6 3. Nc3 g6 4. b3 Bg7 5. Bb2 c6 6. f4 a5 7. Nf3 a4 8. e5 Nd5 9. Nxd5 cxd5 10. Bb5+ Bd7 11. Bxd7+ Qxd7 12. 0-0 0-0 13. a3 e6 14. Bc3 Nc6 15. Qd3 Rfc8 16. Rfc1 Rc7 17. Bd2 b5 18. Qxb5 Nxe5 19. Qxd7 Nxf3+ 20. gxf3 Bxd4+ 21. Kg2 Rxd7 22. c3 axb3 23. Rcb1 Bc5 24. Rxb3 Rda7 25. Bc1 Ra4 26. h3 Rc4 27. Rab1 Kg7 28. Rb8 Rca4 29. Rxa8 Rxa8 30. Rb3 Kf6 31. Kg3 Kf5 32. Rb7 Kf6 33. Rb3 h5 34. Bb2 Kf5 35. Bc1 Ra4 36. Rb1 h4+ 37. Kg2 Rc4 38. Rb3 d4 39. Bd2 d3 40. Rb7 f6 41. Rb3 d5 42. Kf1 Ra4 43. Bc1 Bd6 44. Ke1 Ra6 45. Kf2 Ra4 46. Ke1 Rc4 47. Be3 Bxf4 48. Bxf4 Rxf4 49. Rb4 Rxf3 50. Rxh4 g5 51. Rh8 Rg3 52. h4 Ke4 53. hxg5 Ke3 54. Rh1 fxg5 55. a4 Rg2 56. Rh3+ Ke4 57. Rh5 g4 58. Rh6 d2+ 59. Kd1 Kd3 60. Rh1 e5 0-1